<?xml version="1.0" encoding="UTF-8"?>
<collection xmlns:xsi="http://www.w3.org/2001/XMLSchema-instance" xsi:schemaLocation="http://www.loc.gov/MARC21/slim http://www.loc.gov/standards/marcxml/schema/MARC21slim.xsd" xmlns="http://www.loc.gov/MARC21/slim">
 <record>
  <leader>00000cab a22000004cb4500</leader>
  <controlfield tag="001">IPP-00000659730</controlfield>
  <controlfield tag="003">IPP</controlfield>
  <controlfield tag="005">20240802092807.0</controlfield>
  <controlfield tag="008">240802s2024    xx     d | ||r |||||eng||</controlfield>
  <datafield tag="041" ind1="#" ind2="#">
   <subfield code="a">eng</subfield>
  </datafield>
  <datafield tag="100" ind1="1" ind2="#">
   <subfield code="a">Lasco, Gideon</subfield>
  </datafield>
  <datafield tag="245" ind1="1" ind2="0">
   <subfield code="a">The early HIV/AIDS epidemic in the Philippines (1984-1995)</subfield>
   <subfield code="c">The early HIV/AIDS epidemic in the Philippines (1984-1995)</subfield>
  </datafield>
  <datafield tag="264" ind1="#" ind2="1">
   <subfield code="c">2024</subfield>
  </datafield>
  <datafield tag="520" ind1="#" ind2="#">
   <subfield code="a">Since 1984, when the first HIV case was reported in the Philippines, the viral infection has been the subject of popular, political, and public health concern. In the 1980s HIV/AIDS was mostly perceived as a foreign threat, mobilized against US military presence in the country. Then, in the early 1990s, HIV/AIDS evolved into a moral issue, figuring into the reproductive politics emerging from long-standing church-state tensions in the country. Taking these points together, this article illustrates how HIV and AIDS influenced larger political and social issues in the Philippines, and conversely, how these issues informed how HIV/AIDS was framed and responded to.</subfield>
  </datafield>
  <datafield tag="650" ind1="1" ind2="0">
   <subfield code="a">HIV (Viruses)</subfield>
  </datafield>
  <datafield tag="650" ind1="2" ind2="0">
   <subfield code="a">HIV infections</subfield>
  </datafield>
  <datafield tag="650" ind1="2" ind2="0">
   <subfield code="a">AIDS (Disease)</subfield>
  </datafield>
  <datafield tag="650" ind1="2" ind2="0">
   <subfield code="a">Epidemics</subfield>
  </datafield>
  <datafield tag="650" ind1="2" ind2="0">
   <subfield code="a">Public health</subfield>
  </datafield>
  <datafield tag="700" ind1="1" ind2="#">
   <subfield code="a">Abesamis, Luis Emmanuel A.</subfield>
  </datafield>
  <datafield tag="773" ind1="0" ind2="#">
   <subfield code="t">Philippine Studies: Historical and Ethnographic Viewpoints</subfield>
   <subfield code="g">Vol. 72, no. 2 (2024), 233-255</subfield>
  </datafield>
  <datafield tag="852" ind1="#" ind2="#">
   <subfield code="a">UPD</subfield>
   <subfield code="b">DMLP</subfield>
  </datafield>
  <datafield tag="942" ind1="#" ind2="#">
   <subfield code="a">Article</subfield>
  </datafield>
  <datafield tag="950" ind1="#" ind2="#">
   <subfield code="a">FI</subfield>
  </datafield>
 </record>
</collection>
